00899nam a2200265 a 450000100060000000300080000600500170001400800410003102000270007202000220009903500190012104000270014004100080016708200250017524501210020026000720032130000250039350400510041865000470046965000210051665000250053770000260056270000190058870000260060757770BD-RjUL20211209080541.0161211s1999 enk b 001 0 eng  a0335201415 (hardcover) a0335201407 (pbk.) a(BD-RjUL)57894 aDLCcDLCdBD-RjULbeng aeng00a300.72223bCRI 199910aCritical issues in social research :bpower and prejudice /cedited by Suzanne Hood, Berry Mayall, and Sandy Oliver. aBuckingham, [U.K.] ;aPhiladelphia :bOpen University Press,c1999. aix, 177 p. ;c24 cm. aIncludes bibliographical references and index. 0aPeople with social disabilitiesxResearch. 0aAction research. 0aMarginality, Social.1 aHood, Suzanne,d1957-1 aMayall, Berry.1 aOliver, Sandy,d1955-